Nfl Teams by population - Statistics

General Stats
  • This quiz has been taken 24 times
  • The average score is 24 of 32
Answer Stats
Team City % Correct
Giants New York
96%
Jets New York
91%
Bears Chicago
83%
Texans Houston
83%
Falcons Atlanta
78%
Ravens Baltimore
78%
Cowboys Dallas
78%
Broncos Denver
78%
Dolphins Miami
78%
Eagles Philadelphia
78%
Seahawks Seattle
78%
Commanders Washington D.C
78%
Bills Buffalo
74%
Bengals Cincinnati
74%
Browns Cleveland
74%
Lions Detroit
74%
Packers Green Bay
74%
Jaguars Jacksonville
74%
Chiefs Kansas City
74%
Raiders Las Vegas
74%
Chargers Los Angeles
74%
Vikings Minneapolis
74%
Saints New Orleans
74%
Steelers Pittsburgh
74%
49ers San Francisco
74%
Buccaneers Tampa
74%
Colts Indianapolis
70%
Rams Los Angeles
70%
Titans Nashville
70%
Cardinals Phoenix
70%
Patriots Boston
65%
Panthers Charlotte
52%
No matching quizzes found
Score Distribution
Percent of People with Each Score
Percentile by Number Answered
Your Score History
You have not taken this quiz